000 01213nam a2200241 u 4500
001 000338964
003 AM-YeHGA
005 20250618072121.0
008 040531s1974 ai r 000 0 arm d
040 _aAM-YeHGA
041 0 _aarm
245 0 0 _aՀայրենի երկրով :
_b[Ցուցահանդեսի կատալոգ] /
_cԿազմ.՝ Տ. Մախմուրյան; Խմբ.՝ Գ. Խոստիկյան; Առաջաբ.՝ Պ. Մալայան; Հայաստանի Նկարիչների միություն, Հայաստանի Նկարչի տուն.
260 _aԵրևան :
_bԱ. հ.,
_c1974.
300 _a45 էջ :
_bնկ. ;
_c20 սմ.
500 _aՑուցահանդեսին մասնակցալ են՝ Ս. Բաղդասարյան, Ա. Հունանյան, Պ. Մալյան, Հ. Սահակյան, Վլ. Սահակյան, Վ. Սարգսյան
650 1 4 _aՀայ արվեստ
_xՆկարչություն
700 1 _aԽոստիկյան, Գ.
_eխմբ.
_4edt
700 1 _aՄալայան, Պետրոս Հովհաննեսի,
_d1927-1995
_eխմբ.
_4edt
_92677
710 2 _aՀայաստանի Նկարիչների միություն
710 2 _aՀայաստանի Նկարչի տուն
090 _c129626
942 0 0 _01
999 _c128262
_d128262